技術と格闘した男・本田宗一郎

Đã lưu trong:
Bibliografiske detaljer
Institution som forfatter: NHK取材班
Format: Bog
Sprog:Undetermined
Udgivet: 東京 日本放送出版協会 1992
Fag:
Tags: Tilføj Tag
Ingen Tags, Vær først til at tagge denne postø!
Thư viện lưu trữ: Trung tâm Học liệu Trường Đại học Cần Thơ
LEADER 00523nam a2200193Ia 4500
001 CTU_94399
008 210402s9999 xx 000 0 und d
082 |a 338.8092 
082 |b G462 
110 |a NHK取材班 
245 0 |a 技術と格闘した男・本田宗一郎 
245 0 |c NHK取材班 
260 |a 東京 
260 |b 日本放送出版協会 
260 |c 1992 
650 |a Corporations,Corporations 
650 |x Japan,Honda 
904 |i Ngoc 
980 |a Trung tâm Học liệu Trường Đại học Cần Thơ